Navigating world history (Record no. 189734)
[ view plain ]
| 000 -LEADER | |
|---|---|
| fixed length control field | 02141nam a2200349Ia 4500 |
| 100 1# - MAIN ENTRY--AUTHOR NAME | |
| Personal name | Manning, Patrick, |
| 245 10 - TITLE STATEMENT | |
| Title | Navigating world history |
| 250 ## - EDITION STATEMENT | |
| Edition statement | 1st ed. |
| 260 ## - PUBLICATION, DISTRIBUTION, ETC. (IMPRINT) | |
| Place of publication | New York, N.Y. : |
| Name of publisher | Palgrave Macmillan, |
| Year of publication | 2003. |
| 300 ## - PHYSICAL DESCRIPTION | |
| Number of Pages | xiii, 425 p. |
| 505 0# - FORMATTED CONTENTS NOTE | |
| Formatted contents note | The Evolution of World History -- Defining World History -- Historical Philosophy, to 1900 -- Grand Synthesis, 1900-1965 -- Themes and Analyses, 1965-1990 -- Organizing a Field, since 1990 -- Narrating World History -- Revolution in Historical Studies -- Disciplines -- Area Studies -- Global Studies -- Results of Recent Research -- Political and Economic History -- Social History -- Ecology, Technology, and Health -- Cultural History -- Debating World History -- Logic of Analysis in World History -- Scale in History: Time and Space -- Modeling Frameworks and Strategies -- Verifying Historical Interpretations -- Analyzing World History -- Study and Research in World History -- Programs and Priorities in Graduate Education -- Course of Study -- Resources for Graduate Study -- Researching World History -- Conclusion: Tasks in World History. |
| 650 #0 - SUBJECT ADDED ENTRY--TOPICAL TERM | |
| Topical Term | History |
| Topical Term | History |
| 856 40 - ELECTRONIC LOCATION AND ACCESS | |
| Uniform Resource Identifier | http://site.ebrary.com/lib/rucke/Doc?id=10135587 |
No items available.
